|
|
|
|
| LEADER |
02405nam a2200457 a 4500 |
| 001 |
EBC691552 |
| 003 |
MiAaPQ |
| 005 |
20200520144314.0 |
| 006 |
m o d | |
| 007 |
cr cn||||||||| |
| 008 |
110325s2011 ilu sb 001 0 eng d |
| 010 |
|
|
|z 2011011670
|
| 020 |
|
|
|z 9780838910825 (alk. paper)
|
| 020 |
|
|
|a 9780838992906 (electronic bk.)
|
| 035 |
|
|
|a (MiAaPQ)EBC691552
|
| 035 |
|
|
|a (Au-PeEL)EBL691552
|
| 035 |
|
|
|a (CaPaEBR)ebr10587966
|
| 035 |
|
|
|a (CaONFJC)MIL309918
|
| 035 |
|
|
|a (OCoLC)723945673
|
| 040 |
|
|
|a MiAaPQ
|c MiAaPQ
|d MiAaPQ
|
| 043 |
|
|
|a n-us---
|
| 050 |
|
4 |
|a Z668.5
|b .R44 2011
|
| 082 |
0 |
4 |
|a 020.71/55
|2 22
|
| 100 |
1 |
|
|a Reed, Lori,
|d 1972-
|
| 245 |
1 |
0 |
|a Workplace learning & leadership
|h [electronic resource] :
|b a handbook for library and nonprofit trainers /
|c Lori Reed and Paul Signorelli.
|
| 246 |
3 |
|
|a Workplace learning and leadership
|
| 260 |
|
|
|a Chicago :
|b American Library Association,
|c 2011.
|
| 300 |
|
|
|a xiv, 161 p.
|
| 504 |
|
|
|a Includes bibliographical references (p. 151-154) and index.
|
| 505 |
0 |
|
|a In the beginning : getting to the table -- Collaboration : creating a community of learning -- Trainers as internal consultants and facilitators of change -- Preparing to deliver : from initial idea to moment of delivery -- In the middle : trainers as leaders in the classroom -- When learning happens : supporting learners after class -- Learning from success and failure : the importance of effective evaluations -- Master trainers, master learners : training the trainers -- The end is the beginning : leadership and learning in an onsite-online world -- Appendix : Charlotte Mecklenburg Library employee learning and development curriculum.
|
| 533 |
|
|
|a Electronic reproduction. Ann Arbor, MI : ProQuest, 2015. Available via World Wide Web. Access may be limited to ProQuest affiliated libraries.
|
| 650 |
|
0 |
|a Library employees
|x In-service training
|z United States.
|
| 650 |
|
0 |
|a Librarians
|x In-service training
|z United States.
|
| 650 |
|
0 |
|a Nonprofit organizations
|x Employees
|x In-service training
|z United States.
|
| 650 |
|
0 |
|a Employee training personnel.
|
| 650 |
|
0 |
|a Career development.
|
| 650 |
|
0 |
|a Organizational learning.
|
| 655 |
|
4 |
|a Electronic books.
|
| 700 |
1 |
|
|a Signorelli, Paul.
|
| 710 |
2 |
|
|a ProQuest (Firm)
|
| 856 |
4 |
0 |
|u https://ebookcentral.proquest.com/lib/matrademy/detail.action?docID=691552
|z Click to View
|